| 000 | 00664nam a2200217Ia 4500 | ||
|---|---|---|---|
| 001 | 16752 | ||
| 003 | GE_BSU | ||
| 008 | 181216s||||||||xx |||||||||||||| ||und|| | ||
| 040 | _cGE_BSU | ||
| 080 | _a821.353.31-91-1 | ||
| 100 | _aთანდილავა, ზურაბ | ||
| 245 | _aლაზური ხალხური პოეზია | ||
| 245 | _cრედ. მ.ჩიქოვანი | ||
| 260 | _aბათუმი | ||
| 260 | _bსაბჭ. აჭარა | ||
| 260 | _c1972 | ||
| 300 | _a171გვ. ; 16სმ | ||
| 653 | _aლაზური ხალხური პოეზია. | ||
| 653 | _aპოეზია | ||
| 942 | _cBK | ||
| 999 |
_c49817 _d49817 |
||